Los cazadores primitivos en Mesoamérica (Registro nro. 11493)
[ vista simple ]
| 000 -Sello discográfico | |
|---|---|
| campo de control de longitud fija | 00818nam a2200277 4500 |
| 005 - Identificación de versión | |
| campo de control | 20251017062856.0 |
| 035 ## - Otros números de control del sistema | |
| Número de control del sistema | 7343 |
| 099 ## - fechas locales | |
| Tipo de ítem Koha | LIBRO |
| 100 ## - Datos de procesamiento general | |
| Datos de procesamiento general | 20040609d1967 m y1spay5003 ba |
| 105 ## - Campo de datos codificados: Material textual, monográfico | |
| Datos codificados de monografía | a 001zy |
| 200 1# - Título y mención de responsabilidad | |
| Título propio | Los cazadores primitivos en Mesoamérica |
| Designación general del material | texto impreso |
| Primer mención de responsabilidad | Luis Avaleyra Arroyo de Anda |
| 210 ## - Publicación, distribución, etc. | |
| Lugar de publicación, distribución, etc. | México |
| Nombre del editor, distribuidor, etc. | Universidad Nacional Autónoma de México, Instituto de Investigaciones Históricas |
| Fecha de publicación, distribución, etc. | 1967 |
| 215 ## - Descripción física | |
| Designación de material específico y extensión del ítem | 81 p |
| Otras características físicas | il. |
| Dimensiones | 23 cm |
| 345 ## - Nota de información de adquisición | |
| Fuente de adquisición/dirección de la suscripción [OBSOLETO] | Donación |
| 410 #1 - Series | |
| Título | Cuadernos, Serie antropológica |
| Número de volumen | 21 |
| 607 ## - Nombre geográfico utilizado como tema | |
| Elemento de entrada | México |
| Subdivisión temática | Antigüedades |
| Número Koha | 1429 |
| 660 ## - Código de área geográfica | |
| Código | MX |
| 676 ## - Clasificación Decimal Dewey | |
| Número | 930.1 A94c |
| 700 ## - Nombre personal - Responsabilidad primaria | |
| Elemento de entrada | Aveleyra Arroyo de Anda |
| Parte del nombre distinta del elemento de entrada | Luis |
| Número Koha | 16002 |
| 801 #0 - Fuente de origen | |
| Agencia | cm |
| 900 ## - | |
| -- | 1/7613 |
| 900 ## - | |
| -- | 7100419378\090604 |
| 942 ## - ELEMENTOS DE ENTRADA SECUNDARIOS (KOHA) | |
| Tipo de ítem Koha | Libro |
No hay ítems disponibles.